Praktické objektové programování v jazyce C# 4.0

Saved in:
Bibliographic Details
Main Author: Hanák, Ján
Format: Book
Language:Czech
Published: Brno Artax 2009
Series:Microsoft Visual Studio
Subjects:
Tags: Add Tag
No Tags, Be the first to tag this record!

MARC

LEADER 00000nam$a2200000$$$4500
001 0107925
005 20240502083253.0
020 |a 978-80-87017-07-4 
041 0 |a cze 
044 |a CZ 
245 1 0 |a Praktické objektové programování v jazyce C# 4.0  |c Ján Hanák 
264 1 |a Brno  |b Artax  |c 2009 
300 |a 180 s. [8,33 AH] 
490 1 |a Microsoft Visual Studio 
830 0 |a Microsoft Visual Studio 
610 2 0 |a programovanie objektové 
610 2 0 |a jazyky programovacie 
610 2 0 |a programovanie 
610 2 0 |a softvér 
100 1 |a Hanák, Ján